000 00439nam a2200181Ia 4500
001 11522
005 20260306162834.0
008 260306t2015||||xx |||||||||||||| ||spa||
041 _aESP
082 _a985.07
_bR24
100 _aRamos Núñez, Carlos
_eAUT
245 0 _aLey y justicia en el oncenio de Leguía
260 _c2015
300 _a295 páginas :
_c21 cm.
650 _aGEN
654 _aCHU
942 _cLIB
_dJUS
_fJUS
_2ddc
_n
999 _c11522
_d11522